000 00749nam a22002177a 4500
003 OSt
005 20260203112410.0
008 260203b |||||||| |||| 00| 0 eng d
020 _a9783030542085
040 _aKABLIB
_cKABLIB
082 _223
_a338.1096
_bALH
100 _aAlhassan, Abdul Razak
_915027
245 _aSupply Chain Management in African Agriculture :
_binnovative approaches to commodity value chains /
_cAbdul Razak Alhassan ,Mamudu Abungu Akudugu
260 _aSwitzerland :
_bPalgrave Macmillan ;
_cc2020 .
300 _axx ,173p. ;
_bill. ;
_c22cm
504 _aIncludes references, Index.
650 _aAgricultural economics
_915028
700 _aAkudugu ,Mamudu Abunga
_915029
856 _u9783030542092
942 _2ddc
_cBOOK
999 _c5954
_d5954